000 00617nam a2200217Ia 4500
003 OSt
005 20221007083149.0
006 a|||||r|||| 00| 0
007 ta
008 221006b |||||||| |||| 00| 0 eng d
024 _a38,616
037 _cAnnuals, Advances
040 _aFLL
_cFLL
_beng
041 _2eng
_aeng
100 _aTiwari Ashok Nath
_9700386
245 0 _aApplication of the principles of natural justice in administrative actions with special reference to Nepal
260 _c1986
300 _av,166p
_ccm.
942 _cREF
_2CC
999 _c1169054
_d1169054